|
|
|
|
| LEADER |
00000nab a2200000 a 4500 |
| 001 |
vtls000531771 |
| 003 |
SK-MaSNL |
| 005 |
20260304172605.0 |
| 008 |
250526c1994 xo 0 slo |
| 015 |
|
|
|a SNBRB19rr/mm-uuuuu
|
| 035 |
|
|
|a CL0531909
|
| 035 |
|
|
|a urn:nbn:sk:snk-ab29qe
|
| 035 |
|
|
|a (urnnbn)urn:nbn:sk:snk:ar-a01zvo
|
| 035 |
|
|
|a (uuid)ef20580e-075b-45da-84ea-e7187456ab6c
|
| 040 |
|
|
|a SNKBUCL
|b slo
|c SNKBUCL
|e AACR2
|
| 041 |
0 |
|
|a slo
|
| 044 |
|
|
|a xo
|c SK
|
| 080 |
|
|
|a 373.6:630(437.6)
|2 1981
|
| 080 |
|
|
|a 630
|2 1981
|
| 100 |
1 |
|
|a Daňko, Jozef
|4 aut
|9 380139
|
| 245 |
1 |
0 |
|a Tri decénia SLŠ v Prešove
|c Jozef Daňko
|
| 650 |
0 |
7 |
|a Stredná lesnícka škola, Prešov
|2 snkbucl
|9 1501950
|
| 655 |
|
7 |
|a články z novín a časopisov
|2 snkbucl
|9 267496
|
| 773 |
0 |
|
|t Les
|g Roč. 50, č. 10 (1994), s. 22-23
|x 0323-0996
|
| 850 |
|
|
|a Slovenská národná knižnica
|
| 852 |
|
|
|a Slovenská národná knižnica
|
| 954 |
|
|
|a odborná, vedecká literatúra pôvodná (slovenská)
|2 lita
|
| 957 |
|
|
|a 5407
|
| 958 |
|
|
|a ONDV
|
| 958 |
|
|
|a article2022
|
| 958 |
|
|
|a RK
|
| 992 |
|
|
|a RBX
|
| 999 |
|
|
|c 2999343
|d 3001273
|